|
|
|
|
| LEADER |
00000cam a2200000 7i4500 |
| 001 |
0000001123 |
| 005 |
20020417.0 |
| 020 |
0 |
0 |
|a 9810414781
|
| 090 |
0 |
0 |
|a 959.803
|b LOV 1999
|
| 100 |
1 |
0 |
|a LOVEARD
|h Keith
|
| 245 |
1 |
0 |
|a Suharto :
|b Indonesia's last sultan
|c Keith Loveard
|
| 260 |
0 |
0 |
|a Singapore :
|b Horizon Books ,
|c 1999
|
| 300 |
|
|
|a 408 p., [8] p. of plates : 1 map ;
|c 20 cm.
|
| 500 |
0 |
0 |
|a Includes index
|
| 600 |
0 |
0 |
|a Soeharto
|y 1921-
|
| 650 |
0 |
0 |
|a ndonesia Politics and government
|y 1966-
|
| 650 |
0 |
0 |
|a Presidents Indonesia Biography.
|
| 650 |
0 |
0 |
|a Statesmen Indonesia Biography
|
| 998 |
|
|
|a JPSM
|
| 999 |
|
|
|a 0000002046
|b Monograph
|c Open Shelf
|e Default branch
|